| 000 | 00398nam a22001457a 4500 | ||
|---|---|---|---|
| 005 | 20240118120526.0 | ||
| 008 | 240118b |||||||| |||| 00| 0 eng d | ||
| 041 | _aeng | ||
| 100 |
_aPANKAJ, PRANNATH _98397 |
||
| 245 | _aMULYAPARAK SIKSHA KI AVDHARNA EVAM SIKSHAKON KA PARIKSHAN | ||
| 260 |
_aNEW DELHI _bSHIKSHA SANSKRITI UTTHAN NYAS |
||
| 300 | _a32;P | ||
| 650 |
_aLIFE SKILL _98393 |
||
| 942 | _cBK | ||
| 999 |
_c8481 _d8479 |
||